Topics in quantum groups and finite -type invariants (Record no. 810556)

MARC details
000 -LEADER
fixed length control field 00730nam a2200241Ia 4500
003 - CONTROL NUMBER IDENTIFIER
control field OSt
005 - DATE AND TIME OF LATEST TRANSACTION
control field 20220928140205.0
008 - FIXED-LENGTH DATA ELEMENTS--GENERAL INFORMATION
fixed length control field 220927b |||||||| |||| 00| 0 eng d
037 ## - SOURCE OF ACQUISITION
Terms of availability Textual
040 ## - CATALOGING SOURCE
Original cataloging agency SDCL
Transcribing agency SDCL
Language of cataloging eng
041 ## - LANGUAGE CODE
Source of code eng
Language code of text/sound track or separate title eng
100 ## - MAIN ENTRY--PERSONAL NAME
Personal name Feigin B
9 (RLIN) 494593
245 #0 - TITLE STATEMENT
Title Topics in quantum groups and finite -type invariants
Remainder of title Mathematics at the independent university of moscow .
260 ## - PUBLICATION, DISTRIBUTION, ETC.
Date of publication, distribution, etc. 1998
490 ## - SERIES STATEMENT
Series statement American mathematical society translations series 2V 185
700 ## - ADDED ENTRY--PERSONAL NAME
Personal name Vassiliev V Ed.
9 (RLIN) 494594
942 ## - ADDED ENTRY ELEMENTS (KOHA)
Classification part B27, N8
Koha item type Textual
Source of classification or shelving scheme Colon Classification (CC)
Holdings
Withdrawn status Lost status Damaged status Not for loan Home library Current library Date acquired Total Checkouts Full call number Barcode Date last seen Price effective from Koha item type
        South Campus Library South Campus Library 2022-09-28   B27 N8 SC1238132 2022-09-28 2022-09-28 Textual
Copyright @ Delhi University Library System